World Map Without 50 Random Countries - Statistics

General Stats
  • This quiz has been taken 198 times
    194 since last reset
  • The average score is 45 of 50
Answers on the Map
Answers color-coded by a green-red scale on the quiz's map according to % correct below.
 
Answer Stats
Country % Correct
Australia
100%
Botswana
100%
Canada
100%
Chad
100%
China
100%
DR Congo
100%
Egypt
100%
France
100%
Germany
100%
Hungary
100%
India
100%
Kazakhstan
100%
Mexico
100%
New Zealand
100%
Pakistan
100%
Russia
100%
Serbia
100%
Spain
100%
Sudan
100%
Turkey
100%
Ukraine
100%
United States
100%
Oman
98%
Argentina
97%
Belarus
97%
Bolivia
97%
Brazil
97%
Chile
97%
Finland
97%
Gabon
97%
Indonesia
97%
Mongolia
97%
Niger
97%
North Korea
97%
Norway
97%
Panama
97%
Poland
97%
South Korea
97%
Thailand
97%
Uganda
97%
Georgia
96%
Iran
96%
Iraq
96%
Nepal
96%
Nigeria
96%
Republic of the Congo
96%
Romania
96%
Slovakia
96%
Sweden
96%
Tanzania
96%
Venezuela
96%
Bulgaria
95%
Colombia
95%
Ethiopia
95%
Italy
95%
South Sudan
95%
Afghanistan
94%
Algeria
94%
Angola
94%
Belgium
94%
Costa Rica
94%
Croatia
94%
Japan
94%
Kyrgyzstan
94%
Namibia
94%
Nicaragua
94%
Saudi Arabia
94%
South Africa
94%
United Kingdom
94%
Uruguay
94%
Uzbekistan
94%
Vietnam
94%
Zimbabwe
94%
Bangladesh
93%
Cameroon
93%
Czech Republic
93%
Honduras
93%
Kosovo
93%
Myanmar
93%
Paraguay
93%
Peru
93%
Rwanda
93%
Suriname
93%
Tunisia
93%
Bosnia and Herzegovina
92%
Central African Republic
92%
Guinea
92%
Kenya
92%
Laos
92%
Lithuania
92%
Mali
92%
Taiwan
92%
Yemen
92%
Ecuador
91%
Guyana
91%
Ivory Coast
91%
Jordan
91%
Malawi
91%
Mauritania
91%
North Macedonia
91%
Tajikistan
91%
Guatemala
90%
Latvia
90%
Togo
90%
Turkmenistan
90%
Albania
89%
Benin
89%
Liberia
89%
Malaysia
89%
Morocco
89%
Palau
89%
Senegal
89%
Switzerland
89%
Zambia
89%
Armenia
88%
Austria
88%
Burkina Faso
88%
Comoros
88%
Denmark
88%
Ghana
88%
Haiti
88%
Madagascar
88%
Moldova
88%
Portugal
88%
Guinea-Bissau
87%
Mozambique
87%
Seychelles
87%
Bahamas
86%
Dominican Republic
86%
Lesotho
86%
Libya
86%
Cuba
85%
Nauru
85%
Somalia
85%
Estonia
84%
Greece
84%
Sri Lanka
84%
Cambodia
83%
Eswatini
83%
Marshall Islands
83%
Solomon Islands
83%
Equatorial Guinea
82%
Netherlands
82%
Slovenia
82%
Azerbaijan
81%
Belize
81%
FS Micronesia
81%
Ireland
81%
Vanuatu
81%
Cape Verde
80%
Jamaica
79%
Mauritius
79%
Papua New Guinea
79%
Philippines
79%
Eritrea
78%
Fiji
78%
Malta
78%
Sierra Leone
77%
El Salvador
76%
Kuwait
76%
Iceland
75%
United Arab Emirates
75%
Burundi
74%
Samoa
74%
Tuvalu
74%
Israel
73%
Maldives
73%
Syria
72%
Sao Tome and Principe
70%
Tonga
70%
Kiribati
69%
No matching quizzes found
Score Distribution
Percent of People with Each Score
Percentile by Number Answered
Your Score History
You have not taken this quiz since the last reset